| 000 | 01127nam a2200205Ii 4500 | ||
|---|---|---|---|
| 003 | JO-AjNU | ||
| 008 | 230605s9999||||xx |||||||||||||| ||und|| | ||
| 017 | _a2015/2/895 | ||
| 040 |
_aJO-AjNU _bara _erda _cJO-AjNU |
||
| 041 | _aara | ||
| 050 | 1 | 4 | _aDS154.56.A22 2014 |
| 100 | 3 |
_aعبدالله الثاني إبن الحسين، ملك الآردن، 1999؛ اشراف الديوان الملكي الهاشمي؛ اعداد وتحرير بكر خازر المجالي؛ تنسيق منتهى العبداللات، تنسيق جنان ابو زياد، تنسيق زكي مقدادي, _eauthor _956015 |
|
| 245 | 0 | 0 | _aالخطاب السامي لصاحب الجلالة الهاشمية الملك عبدالله الثاني ابن الحسبن المعظم، مج 14 |
| 264 | 3 | 1 | _aعمان: مطابع الثقة الاردنية، 2014 |
| 300 | _aمج 14، 160ص | ||
| 336 |
_atext _btxt _2rdacontent |
||
| 337 |
_aunmediated _bn _2rdamedia |
||
| 338 |
_avolume _bnc _2rdacarrier |
||
| 650 | 4 |
_aالاردن - تاريخ - جلالة الملك عبدالله الناثي ابن الحسين 1999 - خطابات _956016 |
|
| 999 |
_aA25020 _c28588 _d28588 |
||